Распределения, комплексные переменные и преобразования Фурье (ბიბ.ჩანაწერი № 38907)
[ მარტივი ფორმატი ]
| 000 -LEADER | |
|---|---|
| fixed length control field | 00776nam a2200205Ia 4500 |
| 001 - CONTROL NUMBER | |
| control field | 5325 |
| 003 - CONTROL NUMBER IDENTIFIER | |
| control field | GE_BSU |
| 008 - FIXED-LENGTH DATA ELEMENTS--GENERAL INFORMATION | |
| fixed length control field | 181216s||||||||xx |||||||||||||| ||und|| |
| 040 ## - CATALOGING SOURCE | |
| Transcribing agency | GE_BSU |
| 080 ## - UNIVERSAL DECIMAL CLASSIFICATION NUMBER | |
| Universal Decimal Classification number | 517.54+519.21 |
| 100 ## - MAIN ENTRY--PERSONAL NAME | |
| Personal name | Бремерман Г. Б |
| 245 ## - TITLE STATEMENT | |
| Title | Распределения, комплексные переменные и преобразования Фурье |
| 245 ## - TITLE STATEMENT | |
| Statement of responsibility, etc. | Под Ред. В. С. Владим ирова. Пер с английского И.П. Павлова, Б.М. Степанова |
| 260 ## - PUBLICATION, DISTRIBUTION, ETC. | |
| Place of publication, distribution, etc. | Москва |
| 260 ## - PUBLICATION, DISTRIBUTION, ETC. | |
| Name of publisher, distributor, etc. | Мир |
| 260 ## - PUBLICATION, DISTRIBUTION, ETC. | |
| Date of publication, distribution, etc. | 1968 |
| 300 ## - PHYSICAL DESCRIPTION | |
| Extent | 276с. 20см. |
| 653 ## - INDEX TERM--UNCONTROLLED | |
| Uncontrolled term | Распределения, комплексные переменные и преобразования Фурье |
| 942 ## - ADDED ENTRY ELEMENTS (KOHA) | |
| Koha item type | წიგნი |
არაა ხელმისაწვდომი ეგზემპლარები.
